000 00313nam a2200145Ia 4500
100 _aSherwood/ D.R.
650 _aCarpentery
490 _vI
942 _cBK
654 _aPiping guide
245 _aPiping Guide
260 _bSyentek bks Co.
_aSan Franciss
_c1980
082 _a621.8672she
546 _aENGLISH
999 _c34028
_d34028